Statistics for World Subregions By Countries

Click here to take the quiz!

General Stats

  • This quiz has been taken 81 times
  • The average score is 23 of 24

Answer Stats

SubregionCountries% Correct
Eastern EuropeAzerbaijan | Belarus | Estonia | Georgia | Kazakhstan | Latvia | Lithuania | Moldova | Russia | Ukraine
99%
Southeast EuropeAlbania | Bosnia and Herzegovina | Bulgaria | Croatia | Greece | Kosovo | Montenegro | North Macedonia | Romania | Serbia | Slovenia | Turkey
97%
North AfricaAlgeria | Egypt | Libya | Mauritania | Morocco | Sudan
97%
Central AmericaBelize | Costa Rica | El Salvador | Guatemala | Honduras | Nicaragua | Panama
97%
Southeast AsiaBrunei | Cambodia | East Timor | Indonesia | Laos | Malaysia | Myanmar | Philippines | Singapore | Thailand | Vietnam
97%
East AsiaChina | Japan | Mongolia | North Korea | South Korea | Taiwan
97%
Western EuropeAndorra | Belgium | France | Ireland | Luxembourg | Malta | Monaco | Netherlands | Portugal | San Marino | Spain | United Kingdom | Vatican City
96%
Southern AfricaAngola | Botswana | Comoros | Eswatini | Lesotho | Madagascar | Malawi | Mauritius | Mozambique | Namibia | Seychelles | South Africa | Zambia | Zimbabwe
96%
South AmericaArgentina | Bolivia | Brazil | Chile | Colombia | Ecuador | Guyana | Panama | Paraguay | Peru | Suriname | Uruguay | Venezuela
96%
Northern EuropeDenmark | Finland | Iceland | Norway | Sweden
96%
Central AfricaAngola | Cameroon | Central African Republic | Chad | Democratic Republic of the Congo | Equatorial Guinea | Gabon | Republic of the Congo
94%
CaribbeanAntigua and Barbuda | Bahamas | Barbados | Colombia | Cuba | Dominica | Dominican Republic | Grenada | Haiti | Jamaica | Saint Kitts and Nevis | Saint Lucia | Saint Vincent and the Grenadines | Trinidad and Tobago
94%
Central EuropeAustria | Czech Republic | Germany | Hungary | Liechtenstein | Poland | Slovakia | Switzerland
94%
Northern AmericaCanada | Mexico | United States
94%
Central AsiaKazakhstan | Kyrgyzstan | Tajikistan | Turkmenistan | Uzbekistan
94%
South AsiaAfghanistan | Bangladesh | Bhutan | India | Maldives | Nepal | Pakistan | Sri Lanka
93%
West AfricaBenin | Burkina Faso | Cape Verde | Gambia | Ghana | Guinea | Guinea-Bissau | Ivory Coast | Liberia | Mali | Niger | Nigeria | Senegal | Sierra Leone | Togo
93%
East AfricaBurundi | Djibouti | Eritrea | Ethiopia | Kenya | Rwanda | Somalia | South Sudan | Tanzania | Uganda | Yemen
93%
North AsiaRussia | United States
93%
MelanesiaFiji | Indonesia | Papua New Guinea | Solomon Islands | Vanuatu
91%
Western AsiaArmenia | Azerbaijan | Bahrain | Cyprus | Egypt | Georgia | Greece | Iran | Iraq | Israel | Jordan | Kuwait | Lebanon | Oman | Palestine | Qatar | Saudi Arabia | Syria | Turkey | United Arab Emirates | Yemen
90%
MicronesiaKiribati | Marshall Islands | Micronesia | Nauru | Palau
90%
PolynesiaSamoa | Tonga | Tuvalu | United States
90%
AustralasiaAustralia | New Zealand
89%

Score Distribution

Percentile by Number Answered

Percent of People with Each Score

Your Score History

You have not taken this quiz